Второй круг: роман

書誌詳細
第一著者: Старостин А. С. Александр Степанович
その他の著者: Кузнецов Ф. (автор предисловия)
要約:Исключено из фонда НТБ ТПУ
言語:ロシア語
出版事項: Москва, Молодая гвардия, 1981
フォーマット: 図書
KOHA link:https://koha.lib.tpu.ru/cgi-bin/koha/opac-detail.pl?biblionumber=150117

MARC

LEADER 00000nam0a2200000 4500
001 150117
005 20231031150114.0
020 |a RU  |b 81-93292 
035 |a (RuTPU)RU\TPU\book\162729 
090 |a 150117 
100 |a 20081225d1981 m y0rusy5003 ca 
101 0 |a rus 
102 |a RU 
105 |a y z 000ay 
200 1 |a Второй круг  |e роман  |f А. С. Старостин  |g авт. предисл. Ф. Кузнецов 
210 |a Москва  |c Молодая гвардия  |d 1981 
215 |a 448 с. 
333 |a Исключено из фонда НТБ ТПУ 
700 1 |a Старостин  |b А. С.  |g Александр Степанович 
702 1 |a Кузнецов  |b Ф.  |4 080 
801 0 |a RU  |b RuMRKP  |c 19950704  |g psbo 
801 1 |a RU  |b 63413507  |c 20081225  |g PSBO 
801 2 |a RU  |b 63413507  |c 20220602  |g PSBO 
942 |c BK